National Anthem of the Gambia (English) - For the Gambia Our Homeland - Statistics

General Stats
  • This quiz has been taken 2 times
  • The average score is 26 of 60
Answer Stats
Lyrics % Correct
and
100%
and
100%
and
100%
And
100%
For
100%
Gambia,
100%
Gambia,
100%
homeland
100%
our
100%
our
100%
our
100%
our
100%
Our
100%
That
100%
The
100%
the
100%
The
100%
We
100%
We
100%
we
100%
day.
50%
ever
50%
Freedom
50%
God
50%
in
50%
live
50%
may
50%
of
50%
peace
50%
pray,
50%
To
50%
To
50%
actions
0%
all
0%
allegiance,
0%
brotherhood.
0%
common
0%
diverse
0%
each
0%
firm
0%
good,
0%
great
0%
guide
0%
join
0%
justice
0%
Keep
0%
Let
0%
man's
0%
nations,
0%
peoples
0%
pledge
0%
promise
0%
prove
0%
renew;
0%
strive
0%
Towards
0%
true.
0%
unity,
0%
us,
0%
work
0%
No matching quizzes found
Score Distribution
Percent of People with Each Score
Percentile by Number Answered
Your Score History
You have not taken this quiz